Normal view
MARC view
Entry Personal Name
001 - CONTROL NUMBER
- control field: 34111
003 - CONTROL NUMBER IDENTIFIER
- control field: OSt
005 - DATE AND TIME OF LATEST TRANSACTION
- control field: 20160122152340.0
008 - FIXED-LENGTH DATA ELEMENTS
- fixed length control field: 160122|| aca||aabn | a|a d
040 ## - CATALOGING SOURCE
- Original cataloging agency: OSt
- Transcribing agency: OSt
100 ## - HEADING--PERSONAL NAME
- Personal name: Kejariwal, O P
670 ## - SOURCE DATA FOUND
- Source citation: Work cat.: (OSt)32212: Kejariwal, O P, Ghalib In Translation, 2002









